000 00821nas a2200253 4500
001 BR9203527
003 BR-BrBNA
005 20231205092646.0
007 ta
008 230509b bl.|||p| |||| 00| 00por d
040 _aBR-BrBNA
_bpor
_cBiblioteca Nacional de Agricultura
041 _a(Pt)
072 _aL73
100 1 _aPianta, C.
100 1 _aWiest, J.M.
245 1 _aInfluencia da materia organica na desinfeccao por iodofores em mastite bovina causada por Staphylococcus aureus
650 _aMAMITE
650 _aBOVINO
650 _aBACTERIA
650 _aDESINFECCAO
773 0 _tArquivos da Faculdade de Veterinaria da Universidade Federal do Rio Grande do Sul (Brazil)
_xISSN 0101-5230
_g(Dec 1986), v. 14 p. 79-85
_wBR9203527
909 _a202311
_bLúcia
_c55
_dLúcia Elande
942 _2AGRIS
_n0
_cANA
999 _c133207
_d133207